| 000 | 00469nam a22001697a 4500 | ||
|---|---|---|---|
| 999 |
_c13672 _d13672 |
||
| 003 | AR-CdUCM | ||
| 008 | 190416b ||||| |||| 00| 0 spa d | ||
| 040 |
_aMUNICIPALIDAD PROVINCIAL DEL CUSCO _cBIBLIOTECA MUNICIPAL DEL CUSCO |
||
| 082 |
_a869.44 / _bL95 |
||
| 100 |
_aLuksic, Luis _914038 |
||
| 245 | _aPoema de Luis Luksic / | ||
| 260 |
_aCaracas : _bColectivo 1, |
||
| 300 | _c22 cm. | ||
| 500 | _aTrÃptico. | ||
| 942 |
_2ddc _cFOLLETOS |
||
| 945 |
_awfj _d2019-04-16 |
||